| 000 | 01923cam a2200373 a 4500 | ||
|---|---|---|---|
| 001 | EDZ0000117333 | ||
| 003 | StDuBDS | ||
| 005 | 20161031105157.0 | ||
| 006 | m||||||||d|||||||| | ||
| 007 | cr ||||||||||| | ||
| 008 | 130111s2007 caua fo| 000|0|eng|d | ||
| 020 |
_a9781446263167 (ebook) : _cNo price |
||
| 040 |
_aStDuBDS _beng _cStDuBDS _epn |
||
| 049 | _aAlfaisal Main Library | ||
| 050 | 0 |
_aH62 _b.Q3542 2007 |
|
| 082 | 0 | 4 |
_a300.721 _223 |
| 245 | 0 | 0 |
_aQualitative research 2 _h[electronic resource] / _cedited by Alan Bryman. |
| 260 |
_aLos Angeles, [Calif.] ; _aLondon : _bSAGE, _c2007. |
||
| 300 |
_a1 online resource (4 v.) : _bill. |
||
| 490 | 1 | _aSAGE benchmarks in social research methods | |
| 505 | 0 | _av. 1. Collecting data for qualitative research -- v. 2. Quality issues in qualitative research -- v. 3. Issues of representation and reflexivity -- v. 4. Qualitative data analysis. | |
| 520 | 8 | _aQualitative research is a burgeoning field which has attracted a growing amount of self-reflection. This collection extends the value of the critically acclaimed first edition of 'Qualitative Research' in 1999 by emphasizing key issues that demand the attention of qualitative researchers. It explores topics that have come increasingly to the fore since then, such as visual research, biographical method, narrative analysis, computer-assisted qualitative data analysis, and reflexivity. | |
| 521 | _aSpecialized. | ||
| 588 | _aDescription based on print version record. | ||
| 504 | _aIncludes bibliographical references. | ||
| 650 | 0 |
_aSocial sciences _xResearch. |
|
| 655 | 7 |
_aElectronic books. _2local |
|
| 700 | 1 | _aBryman, Alan. | |
| 710 | 2 | _aSage eBooks | |
| 776 | 0 | 8 |
_iPrint version : _z9781412911641 |
| 830 | 0 | _aSAGE benchmarks in social research methods. | |
| 856 | 4 | 0 | _uhttp://ezproxy.alfaisal.edu/login?url=http://sk.sagepub.com/navigator/qualitative-research-2 |
| 942 |
_2lcc _cEBOOKS |
||
| 999 |
_c481021 _d481021 |
||